ASEAN - zóna míru a stability?

Makropolitické podmienky regionu. Geografická poloha, história a ciele ASEAN. Ekonomický a bezpečnostno-politický rámec ASEAN.

Guardado en:
Detalles Bibliográficos
Autor principal: Herrmann, Wilfried A.
Formato: Capítulo de libro
Lenguaje:checo
Materias:
Etiquetas: Agregar Etiqueta
Sin Etiquetas, Sea el primero en etiquetar este registro!

MARC

LEADER 00000naa a2200000 4500
001 r035683
005 20230927113019.2
041 0 |a cze 
044 |a CZ 
245 1 0 |a ASEAN - zóna míru a stability?  |c Wilfried A. Herrmann 
520 |a Makropolitické podmienky regionu. Geografická poloha, história a ciele ASEAN. Ekonomický a bezpečnostno-politický rámec ASEAN. 
610 2 0 |a politika bezpečnostná 
610 2 0 |a stabilita politická 
610 2 0 |a Indonézia 
610 2 0 |a Malajzia 
610 2 0 |a Singapur 
610 2 0 |a Thajsko 
610 2 0 |a situácia hospodárska 
610 2 0 |a ASEAN 
100 1 |a Herrmann, Wilfried A.